[Event "British Rapidplay"]
[Site "Peterborough"]
[Date "2025.03.02"]
[Round "9"]
[White "Mehrafarin, Amirabbas"]
[Black "Norris, Zack"]
[Result "0-1"]
[WhiteElo "1814"]
[BlackElo "1929"]
[PlyCount "100"]
[EventDate "2025.03.01"]
[EventType "swiss (rapid)"]
[EventRounds "11"]
[EventCountry "ENG"]
[SourceTitle "CB10_2025"]
[SourceDate "2025.03.05"]
[SourceVersion "1"]
[SourceVersionDate "2025.03.05"]
[SourceQuality "1"]

1. e4 c5 2. d3 Nc6 3. g3 g6 4. Bg2 Bg7 5. c3 d6 6. Nf3 Nf6 7. 0-0 0-0 8. a4 Bd7 9. Na3 a6 10. Nc4 Rb8 11. a5 Be6 12. e5 dxe5 13. Nfxe5 Nxe5 14. Nxe5 Bd5 15. Nf3 Bc6 16. Be3 Rc8 17. d4 Ng4 18. Bf4 cxd4 19. cxd4 Nf6 20. Be5 Qd7 21. Re1 Rfd8 22. Rc1 Bd5 23. Qe2 Rc6 24. Rxc6 Qxc6 25. Nh4 Bxg2 26. Nxg2 Rd5 27. b4 Qb5 28. Qb2 Rd8 29. Rc1 Nd5 30. Bxg7 Kxg7 31. Rc5 Qxb4 32. Qxb4 Nxb4 33. Rc7 Rxd4 34. Ne3 Nc6 35. Rxb7 Nxa5 36. Ra7 Rd6 37. Rxe7 Nb3 38. Ra7 a5 39. h4 Rd4 40. h5 a4 41. Ra6 Nc5 42. h6+ Kxh6 43. Ra5 Ne6 44. Kf1 Rb4 45. Ke2 Rb2+ 46. Kd3 Kg7 47. f4 Rb3+ 48. Kd2 Ra3 49. f5 Nd4 50. Ra6 gxf5 0-1

[Event "British Rapidplay"]
[Site "Peterborough"]
[Date "2025.03.01"]
[Round "1"]
[White "Badacsonyi, Stanley Ethan Artie"]
[Black "Mehrafarin, Amirabbas"]
[Result "1-0"]
[WhiteElo "2334"]
[BlackElo "1814"]
[PlyCount "96"]
[EventDate "2025.03.01"]
[EventType "swiss (rapid)"]
[EventRounds "11"]
[EventCountry "ENG"]
[SourceTitle "CB10_2025"]
[SourceDate "2025.03.05"]
[SourceVersion "1"]
[SourceVersionDate "2025.03.05"]
[SourceQuality "1"]

1. d4 Nf6 2. c4 g6 3. Nc3 Bg7 4. e4 d6 5. Be2 a5 6. Be3 Nbd7 7. h3 e5 8. d5 b6 9. Nf3 Nc5 10. Nd2 Bd7 11. b3 0-0 12. a3 Ne8 13. b4 Nb7 14. g4 f5 15. gxf5 axb4 16. axb4 Rxa1 17. Qxa1 gxf5 18. exf5 Bxf5 19. Nde4 Qd7 20. h4 Bg4 21. Qd1 Bf5 22. Rg1 Kh8 23. Bg4 Nf6 24. Bxf5 Qxf5 25. Ng3 Qg4 26. Qxg4 Nxg4 27. Nh5 Nxe3 28. Rxg7 Nc2+ 29. Ke2 Nd4+ 30. Kf1 Rf5 31. Rxc7 Rxh5 32. Rxb7 Rxh4 33. Rxb6 Rh1+ 34. Kg2 Rc1 35. Ne4 Rxc4 36. Nxd6 Rc2 37. Nf7+ Kg7 38. Nxe5 Nf5 39. Kf3 h5 40. d6 Nd4+ 41. Ke4 Ne6 42. d7 Re2+ 43. Kf5 Nd8 44. f4 h4 45. Kg4 Re4 46. Rb8 Ne6 47. Kf5 Rxf4+ 48. Kxe6 Rf6+ 1-0

[Event "GBR-ch Online"]
[Site "Chess.com INT"]
[Date "2021.08.05"]
[Round "7"]
[White "Mehrafarin, Amirabbas"]
[Black "Blackburn, Jonathan LB"]
[Result "0-1"]
[WhiteElo "1734"]
[BlackElo "2235"]
[PlyCount "46"]
[EventDate "2021.07.30"]
[EventType "swiss"]
[EventRounds "9"]
[EventCountry "ENG"]
[SourceTitle "CBM 203 Extra"]
[Source "ChessBase"]
[SourceDate "2021.09.30"]
[SourceVersion "1"]
[SourceVersionDate "2021.09.30"]
[SourceQuality "1"]

1. d4 d6 2. Bf4 Nf6 3. e3 g6 4. c3 Bg7 5. Nd2 0-0 6. Ngf3 Nbd7 7. Bc4 b6 8. Qe2 Bb7 9. h4 e5 10. dxe5 dxe5 11. Bg5 h6 12. Bxf6 Qxf6 13. 0-0-0 Qe7 14. Rh3 e4 15. Nd4 c5 16. Nb5 Ne5 17. Bb3 a6 18. Na3 Nd3+ 19. Kb1 b5 20. f3 c4 21. Naxc4 bxc4 22. Nxc4 exf3 23. gxf3 Nf4 0-1

[Event "GBR-ch Online"]
[Site "Chess.com INT"]
[Date "2021.08.04"]
[Round "6"]
[White "Khoury, Theo"]
[Black "Mehrafarin, Amirabbas"]
[Result "0-1"]
[WhiteElo "1697"]
[BlackElo "1734"]
[PlyCount "78"]
[EventDate "2021.07.30"]
[EventType "swiss"]
[EventRounds "9"]
[EventCountry "ENG"]
[SourceTitle "CBM 203 Extra"]
[Source "ChessBase"]
[SourceDate "2021.09.30"]
[SourceVersion "1"]
[SourceVersionDate "2021.09.30"]
[SourceQuality "1"]

1. e4 d6 2. d4 g6 3. c4 Bg7 4. Nc3 Nf6 5. Nf3 0-0 6. Be2 e5 7. d5 Nbd7 8. 0-0 a5 9. h3 b6 10. Be3 Ne8 11. Nd2 f5 12. f3 f4 13. Bf2 Qg5 14. a3 Nc5 15. h4 Qe7 16. b4 Nd7 17. Nb3 Ndf6 18. c5 Nh5 19. Qe1 axb4 20. axb4 Rxa1 21. Nxa1 bxc5 22. bxc5 dxc5 23. Nb3 c4 24. Bxc4 Qb4 25. Bc5 Qxc4 26. Bxf8 Bxf8 27. Nc1 Ng3 28. N1e2 Nxf1 29. Qxf1 Be7 30. Qe1 Bb4 31. Qa1 Nd6 32. Qb2 Ba6 33. Kh2 Kf7 34. Kh3 Qc5 35. Nd1 Bxe2 36. Qxe2 Qg1 37. Nf2 Bc5 38. Ng4 Qh1+ 39. Nh2 Bg1 0-1

[Event "Checkmate Covid Rematch"]
[Site "Chess.com INT"]
[Date "2021.06.06"]
[Round "?"]
[White "Mehrafarin, Amirabbas"]
[Black "Cox, Tristan"]
[Result "0-1"]
[WhiteElo "1734"]
[BlackElo "2141"]
[PlyCount "50"]
[EventDate "2021.06.05"]
[EventType "swiss (blitz)"]
[EventRounds "20"]
[EventCountry "ENG"]
[SourceTitle "CBM 202 Extra"]
[Source "ChessBase"]
[SourceDate "2021.07.31"]
[SourceVersion "1"]
[SourceVersionDate "2021.07.31"]
[SourceQuality "1"]

1. d4 d6 2. Bf4 g6 3. e3 Bg7 4. c3 Nd7 5. Nd2 e5 6. Bg3 Nh6 7. Ne2 0-0 8. c4 f5 9. f3 f4 10. exf4 exd4 11. Ne4 Nf5 12. Nc1 Nc5 13. Nd3 Ne3 14. Qd2 Bf5 15. Nexc5 dxc5 16. Nxc5 Qe7 17. Ne4 Bxe4 18. fxe4 Qxe4 19. Kf2 Ng4+ 20. Kg1 d3 21. Bxd3 Bd4+ 22. Kf1 Ne3+ 23. Ke1 Qe7 24. Qe2 Rae8 25. Rc1 Qb4+ 0-1

[Event "Checkmate Covid Rematch"]
[Site "Chess.com INT"]
[Date "2021.06.06"]
[Round "?"]
[White "Mehrafarin, Amirabbas"]
[Black "Wiwatanadate, Poompong"]
[Result "1/2-1/2"]
[WhiteElo "1734"]
[BlackElo "2043"]
[PlyCount "118"]
[EventDate "2021.06.05"]
[EventType "swiss (blitz)"]
[EventRounds "20"]
[EventCountry "ENG"]
[SourceTitle "CBM 202 Extra"]
[Source "ChessBase"]
[SourceDate "2021.07.31"]
[SourceVersion "1"]
[SourceVersionDate "2021.07.31"]
[SourceQuality "1"]

1. d4 Nf6 2. Bf4 d5 3. e3 e6 4. Bd3 Bd6 5. c3 Bxf4 6. exf4 0-0 7. Nd2 c5 8. Ngf3 Nc6 9. 0-0 cxd4 10. cxd4 Bd7 11. g3 Rc8 12. Rc1 Be8 13. Re1 Nd7 14. Nb3 a5 15. Bb1 a4 16. Na1 Qa5 17. Nc2 Nb6 18. Ne3 f6 19. h4 Bg6 20. Bxg6 hxg6 21. Qd3 Kf7 22. a3 Nd7 23. Re2 Qb6 24. Rec2 Na7 25. Rxc8 Rxc8 26. Rxc8 Nxc8 27. Qc2 Nd6 28. Qxa4 Ke7 29. b4 Ne4 30. Qb3 Qc7 31. Kg2 Nb6 32. a4 Nc4 33. b5 Ncd2 34. Nxd2 Nxd2 35. Qb4+ Kf7 36. Qxd2 b6 37. Qb4 Qa7 38. Kf3 Kg8 39. Qd6 Kf7 40. g4 g5 41. hxg5 fxg5 42. fxg5 Qb7 43. g6+ Kxg6 44. Qxe6+ Kh7 45. Nf5 Qc7 46. g5 g6 47. Qe7+ Qxe7 48. Nxe7 Kg7 49. Nxd5 Kf7 50. Nxb6 Ke6 51. Kf4 Kd6 52. d5 Kc7 53. Ke5 Kb7 54. Kf6 Kxb6 55. Kxg6 Ka5 56. Kf7 Kxa4 57. g6 Kxb5 58. g7 Kc5 59. g8Q Kxd5 1/2-1/2

[Event "Checkmate Covid Rematch"]
[Site "Chess.com INT"]
[Date "2021.06.06"]
[Round "?"]
[White "Wiwatanadate, Poompong"]
[Black "Mehrafarin, Amirabbas"]
[Result "1-0"]
[WhiteElo "2043"]
[BlackElo "1734"]
[PlyCount "33"]
[EventDate "2021.06.05"]
[EventType "swiss (blitz)"]
[EventRounds "20"]
[EventCountry "ENG"]
[SourceTitle "CBM 202 Extra"]
[Source "ChessBase"]
[SourceDate "2021.07.31"]
[SourceVersion "1"]
[SourceVersionDate "2021.07.31"]
[SourceQuality "1"]

1. e4 d5 2. exd5 Qxd5 3. Nc3 Qd8 4. d4 Nf6 5. Nf3 e6 6. Be2 Be7 7. 0-0 0-0 8. Bf4 a6 9. Ne5 b6 10. Bf3 Ra7 11. Ne4 Bb7 12. Nxf6+ Bxf6 13. Bxb7 Rxb7 14. Qf3 Ra7 15. c3 Bxe5 16. Bxe5 Nc6 17. Qxc6 1-0